| 000 | 01278nam a2200265 4500 | ||
|---|---|---|---|
| 001 | 371 | ||
| 005 | 20181127161419.0 | ||
| 020 | 0 | 0 | _a9993670537 |
| 090 | 0 | 0 | _a339.4095498 O832m 2007 |
| 100 | 0 | 0 | _aOsmani, S. R. |
| 245 | 0 | 0 |
_aMacroeconomics of poverty reduction: _bThe case study of Bhutan / _cS.R. Osmani, B. B. Bajracharya, Sonar Tenzing, Tashi Wangyal. _h |
| 250 | 0 | 0 | _a2nd ed. |
| 260 | 0 | 0 |
_aColombo, Sri Lanka : _bUNDP Regional Centre in Colombo, _c2007 |
| 300 | 0 | 0 | _axii, 287 p. |
| 500 | _aElectronic copy available on RTC Cloud in "Library" folder | ||
| 500 | 0 | 0 | _a"A report prepared for UNDP under its regional project on the 'Macroeconomics of Poverty Reduction'" |
| 650 | 0 | 0 |
_aEconomic indicators --Bhutan. _x |
| 650 | 0 | 0 |
_aPoverty --Government policy --Bhutan. _x |
| 650 | 0 | 0 |
_aSubsistence economy --Bhutan. _x |
| 700 |
_aBajracharya, B. B. _b _c _d _e _k _l _m _n _o _p _q _r _s _t |
||
| 700 |
_aTenzing, Sonam. _b _c _d _e _k _l _m _n _o _p _q _r _s _t |
||
| 700 |
_aWangyal, Tashi. _b _c _d _e _k _l _m _n _o _p _q _r _s _t |
||
| 710 |
_aUnited Nations Development Programme. Asia-Pacific Regional Programme on Macroeconomics of Poverty Reduction. _b _c _d _n _o _p _r _s _t |
||
| 856 |
_a _uhttp://www.undp.org.bt/assets/files/publication/Macroeco_cs_for_Bhutan.pdf _yMacroeconomics of poverty reduction _z _3 |
||
| 999 |
_c327 _d327 |
||